000 00707nam a22002537a 4500
003 MX-MxINE
005 20260530113922.0
008 260520b2017 |||ao||| |||| 00| 0 eng d
040 _aICI
_bspa
_cICI
_erda
041 _aspa
050 _aHT127.7
_bD57 2017
100 _eautor
245 _aDistritoTec
_b2017
264 _aMonterrey
300 _a31 páginas
336 _2rdacontent
_atexto
337 _2rdamedia
_asin medio
338 _2rdacarrier
_avolumen
650 _aRenovación urbana
_zMéxico
_934721
650 _aPlanificación urbana
_zMéxico
_934722
650 _aDesarrollo comunitario
_zMéxico
_934723
650 _aArquitectura y sociedad
_zMéxico
_934724
942 _2lcc
_cBK
_n1
999 _c12476
_d12476